Creating a learning society : a new approach to growth, development, and social progress /

Bibliographic Details
Main Authors: Stiglitz, Joseph E. (Author), Greenwald, Bruce C., 1946- (Author)
Format: Book
Language:English
Published: New York : Columbia University Press, [2015]
Edition:Reader's edition.
Series:Kenneth J. Arrow lecture series (New York, N.Y.)
Subjects:

MARC

Tag First Indicator Second Indicator Subfields
LEADER 00000cam a2200000 i 4500
001 in00003595813
005 20170928135629.0
008 150209s2015 nyua b 001 0 eng
010 |a  2015002293 
020 |a 9780231175494  |q paperback  |q alkaline paper 
020 |a 0231175493  |q paperback  |q alkaline paper 
024 8 |a 40025292724 
035 |a (OCoLC)ocn903248099 
035 |a (OCoLC)903248099 
040 |a DLC  |b eng  |e rda  |c DLC  |d YDX  |d OCLCF  |d YDXCP  |d OCLCO  |d UtOrBLW 
042 |a pcc 
049 |a TXAM 
050 0 0 |a HQ783  |b .S6942 2015 
082 0 0 |a 303.3/2  |2 23 
100 1 |a Stiglitz, Joseph E.,  |e author.  |0 http://id.loc.gov/authorities/names/n79133157 
245 1 0 |a Creating a learning society :  |b a new approach to growth, development, and social progress /  |c Joseph E. Stiglitz and Bruce C. Greenwald. 
250 |a Reader's edition. 
264 1 |a New York :  |b Columbia University Press,  |c [2015] 
300 |a xviii, 406 pages ;  |c 23 cm. 
336 |a text  |b txt  |2 rdacontent 
337 |a unmediated  |b n  |2 rdamedia 
338 |a volume  |b nc  |2 rdacarrier 
490 1 |a Kenneth J. Arrow lecture series 
504 |a Includes bibliographical references and index. 
650 0 |a Social learning.  |0 http://id.loc.gov/authorities/subjects/sh85123970 
650 0 |a Information society.  |0 http://id.loc.gov/authorities/subjects/sh89000606 
650 0 |a Progress.  |0 http://id.loc.gov/authorities/subjects/sh85107318 
650 7 |a Information society.  |2 fast  |0 (OCoLC)fst00972767 
650 7 |a Progress.  |2 fast  |0 (OCoLC)fst01078723 
650 7 |a Social learning.  |2 fast  |0 (OCoLC)fst01122621 
700 1 |a Greenwald, Bruce C.,  |d 1946-  |e author.  |0 http://id.loc.gov/authorities/names/n2014001719 
830 0 |a Kenneth J. Arrow lecture series (New York, N.Y.)  |0 http://id.loc.gov/authorities/names/no2014094634 
938 |a YBP Library Services  |b YANK  |n 12416561 
947 |a A14842930332 
945 |a PromptCat  |b 368513 
946 |a stk 
994 |a 92  |b TXA 
948 |a Cataloged  |b h  |c 2015/10/29  |d c  |e AReeder 
999 f f |s e61b3e6a-1b4e-37e8-aaca-ce9d38574f78  |i 9c7eea22-b573-3c4f-8910-ed7d21f4dfc9  |t 0 
952 f f |p normal  |a Texas A&M University  |b College Station  |c Sterling C. Evans Library  |d Evans: Library Stacks  |t 0  |e HQ783 .S6942 2015  |h Library of Congress classification  |i unmediated -- volume  |m A14842930332 
998 f f |a HQ783 .S6942 2015  |t 0  |l Evans: Library Stacks